[Event "ECF Women's Norm Tournament"]
[Site "London"]
[Date "2022.04.08"]
[Round "4.5"]
[White "Zhu, Yaoyao"]
[Black "Bhatia, Kanwal K"]
[Result "1-0"]
[WhiteElo "1880"]
[BlackElo "2018"]
[PlyCount "169"]
[EventDate "2022.04.07"]
[EventType "tourn"]
[EventRounds "9"]
[EventCountry "ENG"]
[SourceTitle "The Week in Chess 1431"]
[Source "Mark Crowther"]
[SourceDate "2022.04.11"]
[SourceVersion "1"]
[SourceVersionDate "2022.04.11"]
[SourceQuality "2"]

1. e4 e5 2. Nf3 Nc6 3. Bb5 a6 4. Ba4 Nf6 5. O-O Be7 6. Re1 b5 7. Bb3 d6 8. c3
O-O 9. h3 Nb8 10. d4 Nbd7 11. Nbd2 Bb7 12. Bc2 Re8 13. Nf1 Bf8 14. Ng3 g6 15.
Nh2 c5 16. d5 c4 17. Ng4 Nxg4 18. Qxg4 Nf6 19. Qf3 h6 20. Be3 Bg7 21. a4 Qe7
22. Ra3 Reb8 23. axb5 axb5 24. Ba7 Re8 25. Rea1 Qc7 26. Qd1 Nd7 27. R1a2 Nb6
28. Qa1 Rad8 29. Ra5 Nxd5 30. exd5 Bxd5 31. Rxb5 Bxg2 32. Kxg2 Qc6+ 33. Kh2
Qxb5 34. Ba4 Qd5 35. Bxe8 Rxe8 36. Ra5 Qb7 37. Be3 d5 38. Ra7 Qb8 39. Qa5 d4
40. Bd2 e4 41. Qc7 Qxc7 42. Rxc7 e3 43. fxe3 dxe3 44. Be1 Rb8 45. Rxc4 Rxb2+
46. Kg1 f5 47. Rb4 Rc2 48. Kf1 Be5 49. Ne2 Kf7 50. Rb5 Bh2 51. Rb7+ Kf6 52. Nd4
Rc1 53. Rb6+ Kf7 54. Rb7+ Ke8 55. Ke2 Be5 56. Rb5 Bf4 57. Nxf5 gxf5 58. Rxf5
Bg5 59. h4 Be7 60. Re5 Kd7 61. Rxe3 Rc2+ 62. Kd3 Rh2 63. Re4 Rh3+ 64. Kc4 Bf6
65. Kb4 Kd6 66. c4 Be5 67. Bd2 h5 68. Bf4 Bxf4 69. c5+ Kd5 70. Rxf4 Kc6 71. Kc4
Rh1 72. Rf6+ Kc7 73. Kd5 Rxh4 74. Rf7+ Kb8 75. Kc6 Rh1 76. Rf8+ Ka7 77. Kc7 Rg1
78. Rf7 Rc1 79. c6 h4 80. Rh7 Rc4 81. Kd8+ Kb6 82. c7 Rd4+ 83. Rd7 Rg4 84. Rd6+
Ka7 85. c8=Q 1-0

[Event "ECF Women's Norm Tournament"]
[Site "London"]
[Date "2022.04.09"]
[Round "5.1"]
[White "Bhatia, Kanwal K"]
[Black "Yao, Lan"]
[Result "0-1"]
[WhiteElo "2018"]
[BlackElo "2260"]
[PlyCount "78"]
[EventDate "2022.04.07"]
[EventType "tourn"]
[EventRounds "9"]
[EventCountry "ENG"]
[SourceTitle "The Week in Chess 1431"]
[Source "Mark Crowther"]
[SourceDate "2022.04.11"]
[SourceVersion "1"]
[SourceVersionDate "2022.04.11"]
[SourceQuality "2"]

1. e4 c5 2. c3 Nf6 3. e5 Nd5 4. d4 cxd4 5. Nf3 d6 6. cxd4 Nc6 7. Bc4 Nb6 8. Bb3
d5 9. h3 Bf5 10. Nc3 e6 11. O-O Be7 12. a3 O-O 13. Bf4 Na5 14. Ba2 Nac4 15. Qe2
Rc8 16. Rac1 a6 17. Nh2 Nd7 18. g4 Bg6 19. b3 Nxa3 20. Be3 Bb4 21. Na4 Nc2 22.
f4 Be4 23. Bf2 b5 24. Nb2 Ba3 25. Bb1 Bxb2 26. Rxc2 Bxc2 27. Bxc2 Rc3 28. Bb1
Ba3 29. Nf3 Qc7 30. Ng5 h6 31. Nh7 Rc8 32. Qa2 Rc1 33. Be1 Rxb1 34. Qxb1 Qc2
35. Qxc2 Rxc2 36. f5 Kxh7 37. fxe6 fxe6 38. Rf7 Nf8 39. Bh4 Kg8 0-1

[Event "ECF Women's Norm Tournament"]
[Site "London"]
[Date "2022.04.09"]
[Round "5.2"]
[White "Jackson, Sheila"]
[Black "Zhu, Yaoyao"]
[Result "0-1"]
[WhiteElo "2096"]
[BlackElo "1880"]
[PlyCount "126"]
[EventDate "2022.04.07"]
[EventType "tourn"]
[EventRounds "9"]
[EventCountry "ENG"]
[SourceTitle "The Week in Chess 1431"]
[Source "Mark Crowther"]
[SourceDate "2022.04.11"]
[SourceVersion "1"]
[SourceVersionDate "2022.04.11"]
[SourceQuality "2"]

1. e4 c5 2. Nf3 d6 3. d4 cxd4 4. Nxd4 Nf6 5. Nc3 g6 6. Be3 Bg7 7. f3 O-O 8. Qd2
Nc6 9. Bc4 Bd7 10. O-O-O Nxd4 11. Bxd4 Rc8 12. Bb3 b5 13. Bxa7 b4 14. Nd5 Nxd5
15. exd5 Qa5 16. Bd4 Ba4 17. Qe3 Ra8 18. Bxg7 Kxg7 19. Qd4+ Kg8 20. Rhe1 Ra7
21. h4 Rc8 22. Qd3 Rac7 23. Rd2 Bb5 24. Qe3 Rc5 25. h5 Ba4 26. hxg6 hxg6 27.
Rh1 Bxb3 28. Qxb3 Ra8 29. Kb1 Qa7 30. f4 Rc3 31. bxc3 bxc3 32. Rd3 Rb8 33. Rxc3
Rxb3+ 34. axb3 Qd4 35. Rd3 Qxf4 36. g3 Qg4 37. Rh4 Qf5 38. b4 e5 39. dxe6 Qxe6
40. Rhd4 g5 41. Kb2 Qe5 42. Kb3 Qe1 43. c3 Qb1+ 44. Kc4 Qa2+ 45. Kb5 f5 46.
Rxd6 f4 47. gxf4 gxf4 48. c4 Qg2 49. Rf6 Qg5+ 50. c5 Qxf6 51. Rd6 Qe5 52. Kb6
f3 53. Rd3 Qe4 54. Rd8+ Kf7 55. b5 f2 56. Rd1 Qe2 57. Ra1 f1=Q 58. Rxf1+ Qxf1
59. c6 Ke7 60. Kc5 Qc1+ 61. Kd5 Qd2+ 62. Kc5 Qc3+ 63. Kb6 Qb4 0-1

[Event "ECF Women's Norm Tournament"]
[Site "London"]
[Date "2022.04.09"]
[Round "5.3"]
[White "Zaksaite, Salomeja"]
[Black "Smith, Olivia"]
[Result "1/2-1/2"]
[WhiteElo "2246"]
[BlackElo "1997"]
[PlyCount "94"]
[EventDate "2022.04.07"]
[EventType "tourn"]
[EventRounds "9"]
[EventCountry "ENG"]
[SourceTitle "The Week in Chess 1431"]
[Source "Mark Crowther"]
[SourceDate "2022.04.11"]
[SourceVersion "1"]
[SourceVersionDate "2022.04.11"]
[SourceQuality "2"]

1. e4 e5 2. Nf3 Nf6 3. Nxe5 d6 4. Nf3 Nxe4 5. d4 d5 6. Bd3 Bd6 7. O-O O-O 8. c4
c6 9. Nc3 Nxc3 10. bxc3 Bg4 11. h3 Bh5 12. Rb1 dxc4 13. Bxc4 b5 14. Be2 Bg6 15.
Bd3 Nd7 16. d5 cxd5 17. Rxb5 Nf6 18. Bg5 Be7 19. Bxg6 hxg6 20. Qd4 Rb8 21. Rfb1
Rxb5 22. Rxb5 Qc7 23. Bf4 Qc6 24. a4 Ne4 25. Qxa7 Bc5 26. Qc7 Bxf2+ 27. Kh2
Qxc7 28. Bxc7 Nxc3 29. Rb2 Bc5 30. a5 Ne4 31. a6 Ba7 32. Rb7 Ra8 33. Ne5 d4 34.
Nd3 Kh7 35. g4 Nc5 36. Nxc5 Bxc5 37. Bb6 Bd6+ 38. Kg2 Rxa6 39. Bxd4 Kg8 40. Rb6
Rxb6 41. Bxb6 g5 42. Kf3 f6 43. Bf2 Kf7 44. h4 gxh4 45. Bxh4 Ke6 46. Be1 g6 47.
Ke4 f5+ 1/2-1/2

[Event "ECF Women's Norm Tournament"]
[Site "London"]
[Date "2022.04.09"]
[Round "5.4"]
[White "Longson, Sarah N"]
[Black "Kueh, Audrey"]
[Result "0-1"]
[WhiteElo "2019"]
[BlackElo "2107"]
[PlyCount "60"]
[EventDate "2022.04.07"]
[EventType "tourn"]
[EventRounds "9"]
[EventCountry "ENG"]
[SourceTitle "The Week in Chess 1431"]
[Source "Mark Crowther"]
[SourceDate "2022.04.11"]
[SourceVersion "1"]
[SourceVersionDate "2022.04.11"]
[SourceQuality "2"]

1. e4 c6 2. Nf3 d5 3. Nc3 Bg4 4. Be2 e6 5. d4 Bb4 6. e5 c5 7. a3 cxd4 8. Qxd4
Bxc3+ 9. Qxc3 Ne7 10. Bg5 Nbc6 11. Bb5 Qb6 12. Qb4 O-O 13. Qxg4 Qxb5 14. O-O-O
Rfc8 15. Kb1 Qc5 16. Rd2 b5 17. Qh5 Ng6 18. Be3 Qc4 19. h4 Nf8 20. Rd3 Qe4 21.
Qg5 b4 22. a4 b3 23. Rxb3 Nb4 24. Rxb4 Qxb4 25. h5 Rab8 26. Bd4 Qxa4 27. b3 Rc6
28. h6 Rxb3+ 29. cxb3 Qxb3+ 30. Bb2 Qc2+ 0-1

[Event "ECF Women's Norm Tournament"]
[Site "London"]
[Date "2022.04.09"]
[Round "5.5"]
[White "Vine, Elzbieta"]
[Black "Orlovska, Madara"]
[Result "0-1"]
[WhiteElo "2138"]
[BlackElo "2063"]
[PlyCount "98"]
[EventDate "2022.04.07"]
[EventType "tourn"]
[EventRounds "9"]
[EventCountry "ENG"]
[SourceTitle "The Week in Chess 1431"]
[Source "Mark Crowther"]
[SourceDate "2022.04.11"]
[SourceVersion "1"]
[SourceVersionDate "2022.04.11"]
[SourceQuality "2"]

1. e4 c5 2. Nc3 Nc6 3. f4 g6 4. Nf3 Bg7 5. Bc4 e6 6. O-O Nge7 7. d3 O-O 8. f5
exf5 9. Qe1 d6 10. Qh4 a6 11. Bh6 Ne5 12. Ng5 Bf6 13. Bxf8 Bxg5 14. Qxg5 Qxf8
15. exf5 Bxf5 16. Nd5 Nxd5 17. Bxd5 h6 18. Qg3 Kh7 19. Bxb7 Rb8 20. Bxa6 Rxb2
21. a4 Qa8 22. Bb5 Rxc2 23. Rf2 Rc3 24. a5 Rb3 25. Ba4 Rxd3 26. Qf4 Qxa5 27.
Qc1 Qb4 28. Be8 Qd4 29. Qb2 Rd1+ 30. Rxd1 Qxd1+ 31. Rf1 Qd3 32. h3 c4 33. Qb7
Kg7 34. Qe7 c3 35. Bxf7 Nxf7 36. g4 Qg3+ 37. Kh1 Qxh3+ 38. Kg1 Qxg4+ 39. Kh2 c2
40. Qe3 Qh4+ 41. Kg1 Qg5+ 42. Qxg5 Nxg5 43. Kf2 Kf6 44. Ke3 Ke5 45. Ra1 d5 46.
Kd2 Nf3+ 47. Kc1 Nd4 48. Kb2 Ne2 49. Re1 c1=Q+ 0-1

[Event "ECF Women's Norm Tournament"]
[Site "London"]
[Date "2022.04.09"]
[Round "6.1"]
[White "Yao, Lan"]
[Black "Orlovska, Madara"]
[Result "1/2-1/2"]
[WhiteElo "2260"]
[BlackElo "2063"]
[PlyCount "73"]
[EventDate "2022.04.07"]
[EventType "tourn"]
[EventRounds "9"]
[EventCountry "ENG"]
[SourceTitle "The Week in Chess 1431"]
[Source "Mark Crowther"]
[SourceDate "2022.04.11"]
[SourceVersion "1"]
[SourceVersionDate "2022.04.11"]
[SourceQuality "2"]

1. e4 c5 2. Nf3 a6 3. c4 Nc6 4. d4 cxd4 5. Nxd4 e5 6. Nxc6 dxc6 7. Qxd8+ Kxd8
8. Nc3 Kc7 9. Be3 Bb4 10. Rc1 Nf6 11. f3 c5 12. a3 Bxc3+ 13. Rxc3 Kc6 14. b4 b6
15. Be2 a5 16. bxc5 bxc5 17. Kf2 Be6 18. Rb3 Rhb8 19. Rb5 Nd7 20. Rhb1 a4 21.
Ke1 Rxb5 22. Rxb5 Rb8 23. Rxb8 Nxb8 24. Kd2 Nd7 25. Kc3 h6 26. h4 f6 27. g3 Kd6
28. f4 Nf8 29. Bh5 Bd7 30. f5 Bc6 31. Kd3 Nd7 32. Bf7 Nb6 33. g4 Nc8 34. g5
hxg5 35. hxg5 fxg5 36. Bxg5 Ne7 37. Bd5 1/2-1/2

[Event "ECF Women's Norm Tournament"]
[Site "London"]
[Date "2022.04.09"]
[Round "6.2"]
[White "Kueh, Audrey"]
[Black "Vine, Elzbieta"]
[Result "1-0"]
[WhiteElo "2107"]
[BlackElo "2138"]
[PlyCount "91"]
[EventDate "2022.04.07"]
[EventType "tourn"]
[EventRounds "9"]
[EventCountry "ENG"]
[SourceTitle "The Week in Chess 1431"]
[Source "Mark Crowther"]
[SourceDate "2022.04.11"]
[SourceVersion "1"]
[SourceVersionDate "2022.04.11"]
[SourceQuality "2"]

1. e4 c5 2. Nf3 Nc6 3. Bb5 a6 4. Bxc6 dxc6 5. O-O Qc7 6. d3 Bg4 7. Be3 e5 8.
Nbd2 Nf6 9. Qe2 Be7 10. a4 b5 11. h3 Bd7 12. Ra2 O-O 13. Rfa1 b4 14. Rf1 Nh5
15. Nb3 Nf4 16. Qd2 Qd6 17. Nxc5 Qg6 18. Bxf4 Bxh3 19. Bg3 Bxc5 20. d4 Be6 21.
dxc5 Bxa2 22. b3 Qxe4 23. Bxe5 Rfe8 24. Qg5 Rxe5 25. Qxe5 Qxc2 26. Nd4 Qb2 27.
Re1 h6 28. Re3 Bb1 29. Nxc6 Qxe5 30. Rxe5 f6 31. Re3 a5 32. Ne7+ Kf8 33. c6 Ra7
34. Nd5 Ra6 35. c7 Rc6 36. g4 f5 37. f3 fxg4 38. fxg4 h5 39. gxh5 Kf7 40. Kf2
g6 41. Re7+ Kf8 42. h6 g5 43. h7 Bxh7 44. Rxh7 Ke8 45. Rh8+ Kd7 46. Rd8+ 1-0

[Event "ECF Women's Norm Tournament"]
[Site "London"]
[Date "2022.04.09"]
[Round "6.3"]
[White "Smith, Olivia"]
[Black "Longson, Sarah N"]
[Result "1-0"]
[WhiteElo "1997"]
[BlackElo "2019"]
[PlyCount "135"]
[EventDate "2022.04.07"]
[EventType "tourn"]
[EventRounds "9"]
[EventCountry "ENG"]
[SourceTitle "The Week in Chess 1431"]
[Source "Mark Crowther"]
[SourceDate "2022.04.11"]
[SourceVersion "1"]
[SourceVersionDate "2022.04.11"]
[SourceQuality "2"]

1. e4 e5 2. Nf3 Nc6 3. Bb5 a6 4. Ba4 Nf6 5. O-O b5 6. Bb3 Bc5 7. c3 d6 8. d4
Bb6 9. a4 Rb8 10. axb5 axb5 11. Na3 Bg4 12. Nxb5 O-O 13. Bc2 Ne7 14. dxe5 dxe5
15. Qxd8 Rfxd8 16. Na3 Ng6 17. Nc4 Bxf3 18. gxf3 Nh5 19. Be3 Nhf4 20. Rfd1
Rxd1+ 21. Rxd1 Nh4 22. Nxe5 Nh3+ 23. Kf1 Bxe3 24. fxe3 g5 25. b4 Re8 26. Ng4
Kg7 27. Nf2 Nxf2 28. Kxf2 Re6 29. f4 Ra6 30. Bb3 Ra3 31. Rb1 g4 32. Kg3 Nf3 33.
Rb2 h5 34. h3 Nd2 35. Rxd2 Rxb3 36. Rd3 gxh3 37. Kxh3 Kg6 38. Kh4 f6 39. f5+
Kh6 40. e5 fxe5 41. Rd5 Rxc3 42. Rxe5 Rc4+ 43. e4 Rxb4 44. Re6+ Kg7 45. Kxh5 c5
46. Kg5 Kf7 47. Kf4 c4 48. Ke5 c3 49. Rc6 Rb5+ 50. Kd4 Rb4+ 51. Kd3 Rb1 52.
Rxc3 Kf6 53. Kd4 Rd1+ 54. Rd3 Ra1 55. Ke3 Re1+ 56. Kf4 Rf1+ 57. Ke3 Re1+ 58.
Kf3 Rf1+ 59. Ke2 Rf4 60. Rd6+ Ke5 61. Re6+ Kd4 62. f6 Kc4 63. Ke3 Rf1 64. Rc6+
Kb5 65. Rd6 Kc5 66. e5 Rf5 67. Ke4 Rf1 68. Rd3 1-0

[Event "ECF Women's Norm Tournament"]
[Site "London"]
[Date "2022.04.09"]
[Round "6.4"]
[White "Zhu, Yaoyao"]
[Black "Zaksaite, Salomeja"]
[Result "1/2-1/2"]
[WhiteElo "1880"]
[BlackElo "2246"]
[PlyCount "105"]
[EventDate "2022.04.07"]
[EventType "tourn"]
[EventRounds "9"]
[EventCountry "ENG"]
[SourceTitle "The Week in Chess 1431"]
[Source "Mark Crowther"]
[SourceDate "2022.04.11"]
[SourceVersion "1"]
[SourceVersionDate "2022.04.11"]
[SourceQuality "2"]

1. e4 c5 2. Nf3 e6 3. g3 Nc6 4. Bg2 Nf6 5. Qe2 d6 6. O-O Be7 7. c3 O-O 8. d4
cxd4 9. cxd4 d5 10. e5 Ne4 11. Rd1 Qb6 12. Be3 Bd7 13. Ne1 f5 14. exf6 Nxf6 15.
Nc3 a5 16. Nf3 Qa6 17. Qd2 a4 18. Ne5 Nxe5 19. dxe5 Ng4 20. Bd4 Nh6 21. Ne2
Rac8 22. Rac1 Nf5 23. Rxc8 Rxc8 24. Bc3 a3 25. Nd4 Nxd4 26. Bxd4 axb2 27. Qxb2
Ba3 28. Qd2 Qa4 29. Rb1 Rc2 30. Qd1 Rc4 31. Be3 Qxd1+ 32. Rxd1 Rc2 33. Bf3 Kf7
34. Rd2 Rxd2 35. Bxd2 Bb2 36. Bf4 Bb5 37. Bd1 Bc4 38. a4 g5 39. Bxg5 Bxe5 40.
Kg2 Bf6 41. Bxf6 Kxf6 42. Kf3 b6 43. Ke3 e5 44. Bc2 h6 45. f4 Bf1 46. fxe5+
Kxe5 47. h4 Bh3 48. Bd1 Bd7 49. g4 d4+ 50. Kd3 Bc6 51. g5 hxg5 52. hxg5 Kf5 53.
Kxd4 1/2-1/2

[Event "ECF Women's Norm Tournament"]
[Site "London"]
[Date "2022.04.09"]
[Round "6.5"]
[White "Bhatia, Kanwal K"]
[Black "Jackson, Sheila"]
[Result "0-1"]
[WhiteElo "2018"]
[BlackElo "2096"]
[PlyCount "62"]
[EventDate "2022.04.07"]
[EventType "tourn"]
[EventRounds "9"]
[EventCountry "ENG"]
[SourceTitle "The Week in Chess 1431"]
[Source "Mark Crowther"]
[SourceDate "2022.04.11"]
[SourceVersion "1"]
[SourceVersionDate "2022.04.11"]
[SourceQuality "2"]

1. e4 e5 2. Nf3 Nc6 3. Bc4 Bc5 4. c3 Nf6 5. d3 O-O 6. Bb3 d5 7. Qe2 dxe4 8.
dxe4 h6 9. h3 Qe7 10. Nbd2 a6 11. Nf1 Be6 12. Ng3 Bxb3 13. axb3 Qe6 14. b4 Bb6
15. Nf5 Nh7 16. N3h4 Kh8 17. g4 Rad8 18. Rg1 Ng5 19. Bxg5 hxg5 20. Nf3 g6 21.
Ng3 Qf6 22. Rh1 Kg7 23. Kf1 Rh8 24. Kg2 Rd6 25. Rad1 Nd8 26. Rxd6 cxd6 27. Qd2
Ne6 28. Ne2 Nf4+ 29. Nxf4 gxf4 30. Qd5 Qe7 31. Nd2 Qh4 0-1

[Event "ECF Women's Norm Tournament"]
[Site "London"]
[Date "2022.04.10"]
[Round "7.1"]
[White "Jackson, Sheila"]
[Black "Yao, Lan"]
[Result "0-1"]
[WhiteElo "2096"]
[BlackElo "2260"]
[PlyCount "122"]
[EventDate "2022.04.07"]
[EventType "tourn"]
[EventRounds "9"]
[EventCountry "ENG"]
[SourceTitle "The Week in Chess 1431"]
[Source "Mark Crowther"]
[SourceDate "2022.04.11"]
[SourceVersion "1"]
[SourceVersionDate "2022.04.11"]
[SourceQuality "2"]

1. e4 c5 2. Nf3 e6 3. d4 cxd4 4. Nxd4 Nc6 5. Be3 Nf6 6. Nc3 Qc7 7. Qd2 a6 8.
O-O-O Be7 9. f4 Bb4 10. Bd3 Na5 11. Nde2 d5 12. exd5 Nxd5 13. Bd4 O-O 14. Kb1
Nc4 15. Bxc4 Qxc4 16. Qd3 Nxc3+ 17. Nxc3 Qxd3 18. Rxd3 b5 19. Rhd1 Bb7 20. a3
Be7 21. Bxg7 Kxg7 22. Rd7 Bc6 23. Rxe7 Rfc8 24. f5 Kf6 25. Rdd7 Bxd7 26. Rxd7
Rd8 27. fxe6 Kxe6 28. Rb7 Rd2 29. Rb6+ Ke5 30. Rh6 Rxg2 31. Rxh7 f5 32. Re7+
Kd6 33. Rf7 Ke6 34. Rh7 Rf8 35. Ra7 f4 36. Rxa6+ Ke5 37. Rb6 f3 38. Rxb5+ Ke6
39. Ne4 Rf4 40. Nc5+ Kd6 41. Nd3 f2 42. Nxf2 Rfxf2 43. c3 Rxh2 44. Ka2 Kc6 45.
a4 Rf4 46. Ka3 Rc4 47. Rb8 Kc7 48. Ra8 Rhh4 49. Kb3 Kb7 50. Ra5 Rc6 51. Ka3 Ra6
52. Rb5+ Rb6 53. Rc5 Rc6 54. Ra5 Rh2 55. Rg5 Rb6 56. b3 Rh3 57. Rc5 Rc6 58.
Rb5+ Ka6 59. c4 Rxc4 60. Rb8 Rc6 61. Ra8+ Kb7 0-1

[Event "ECF Women's Norm Tournament"]
[Site "London"]
[Date "2022.04.10"]
[Round "7.2"]
[White "Zaksaite, Salomeja"]
[Black "Bhatia, Kanwal K"]
[Result "1-0"]
[WhiteElo "2246"]
[BlackElo "2018"]
[PlyCount "85"]
[EventDate "2022.04.07"]
[EventType "tourn"]
[EventRounds "9"]
[EventCountry "ENG"]
[SourceTitle "The Week in Chess 1431"]
[Source "Mark Crowther"]
[SourceDate "2022.04.11"]
[SourceVersion "1"]
[SourceVersionDate "2022.04.11"]
[SourceQuality "2"]

1. e4 e5 2. Nf3 Nc6 3. Bc4 Bc5 4. O-O Nf6 5. d3 d6 6. c3 a6 7. Bb3 Ba7 8. Nbd2
O-O 9. h3 h6 10. Re1 Nh5 11. Nf1 Qf6 12. Be3 Nf4 13. Ng3 Bxe3 14. fxe3 Qg6 15.
Kh2 Nh5 16. Nh1 Be6 17. g4 Nf6 18. Ng3 h5 19. g5 h4 20. Nf5 Bxb3 21. Qxb3 Nd7
22. Qxb7 Rab8 23. Qxc6 Rxb2+ 24. Kg1 Qh5 25. Rf1 Nc5 26. Rf2 Rxf2 27. Kxf2 Rb8
28. N5xh4 Nxd3+ 29. Kg3 Nc5 30. Rf1 g6 31. Qxc7 Nxe4+ 32. Kg2 Rb2+ 33. Kg1 Ng3
34. Rf2 Rxf2 35. Kxf2 Ne4+ 36. Kg2 Kg7 37. Qe7 Qh8 38. Nxe5 dxe5 39. Qxe5+ f6
40. Qe7+ Kg8 41. Qe8+ Kg7 42. Qxg6+ Kf8 43. Qxe4 1-0

[Event "ECF Women's Norm Tournament"]
[Site "London"]
[Date "2022.04.10"]
[Round "7.3"]
[White "Longson, Sarah N"]
[Black "Zhu, Yaoyao"]
[Result "0-1"]
[WhiteElo "2019"]
[BlackElo "1880"]
[PlyCount "121"]
[EventDate "2022.04.07"]
[EventType "tourn"]
[EventRounds "9"]
[EventCountry "ENG"]
[SourceTitle "The Week in Chess 1431"]
[Source "Mark Crowther"]
[SourceDate "2022.04.11"]
[SourceVersion "1"]
[SourceVersionDate "2022.04.11"]
[SourceQuality "2"]

1. e4 e5 2. Nf3 Nc6 3. d4 exd4 4. Nxd4 Nf6 5. Nxc6 bxc6 6. Qe2 Bb4+ 7. c3 Be7
8. e5 Nd5 9. Qg4 Rg8 10. Bd3 d6 11. Qc4 Nb6 12. Qxc6+ Bd7 13. Qe4 dxe5 14. Qxe5
Kf8 15. Be3 Bc6 16. Bc5 Na4 17. Bxe7+ Qxe7 18. Qxe7+ Kxe7 19. O-O Rgd8 20. Re1+
Kf8 21. Bc4 Nxb2 22. Bb3 Nd3 23. Rd1 Nf4 24. f3 Rxd1+ 25. Bxd1 Rd8 26. Bb3 Re8
27. Nd2 Re2 28. Rd1 Rxg2+ 29. Kh1 Re2 30. Ne4 Bxe4 31. fxe4 Rxe4 32. Kg1 Ke7
33. Kf2 Ne6 34. Rd5 c5 35. Kf3 Rf4+ 36. Kg3 c4 37. Ba4 Rf1 38. Rd7+ Kf6 39.
Rxa7 Rc1 40. Be8 Rxc3+ 41. Kf2 Ng5 42. h4 Ne4+ 43. Ke2 Nd6 44. Ra6 Ke5 45. Bc6
Rd3 46. a4 Kd4 47. a5 Ra3 48. Ra7 c3 49. a6 c2 50. Kd2 c1=Q+ 51. Kxc1 Rc3+ 52.
Kd2 Rxc6 53. Ra8 Kc5 54. a7 Ra6 55. Rg8 Rxa7 56. Rxg7 h6 57. h5 Re7 58. Rh7 Nf5
59. Kd3 Kd5 60. Rh8 Ke5 61. Ke2 0-1

[Event "ECF Women's Norm Tournament"]
[Site "London"]
[Date "2022.04.10"]
[Round "7.4"]
[White "Vine, Elzbieta"]
[Black "Smith, Olivia"]
[Result "0-1"]
[WhiteElo "2138"]
[BlackElo "1997"]
[PlyCount "242"]
[EventDate "2022.04.07"]
[EventType "tourn"]
[EventRounds "9"]
[EventCountry "ENG"]
[SourceTitle "The Week in Chess 1431"]
[Source "Mark Crowther"]
[SourceDate "2022.04.11"]
[SourceVersion "1"]
[SourceVersionDate "2022.04.11"]
[SourceQuality "2"]

1. e4 e5 2. Nf3 Nf6 3. Nxe5 d6 4. Nf3 Nxe4 5. Nc3 Nxc3 6. dxc3 Be7 7. Bd3 Nd7
8. Bf4 Nc5 9. Bc4 O-O 10. Qd2 Be6 11. Be2 Ne4 12. Qe3 d5 13. Bd3 Bc5 14. Nd4
Qd7 15. f3 Nd6 16. O-O-O Qa4 17. Be5 Nf5 18. Qf4 Nxd4 19. cxd4 Be7 20. Qg3 f6
21. Qh4 g6 22. Kb1 Qd7 23. Bf4 Bf5 24. Qh6 Rf7 25. Bxf5 Qxf5 26. g4 Qd7 27. Bg3
f5 28. Be5 Bf8 29. Qg5 fxg4 30. fxg4 Qe7 31. Qxe7 Rxe7 32. Rhf1 Bg7 33. Bxg7
Kxg7 34. Rf2 Rae8 35. Kc1 Re4 36. Rg2 Rf8 37. c3 Rff4 38. Rdg1 g5 39. Kd2 b6
40. b4 Kf6 41. a3 Ke6 42. Re1 Rxe1 43. Kxe1 Rf3 44. Kd2 Kd6 45. Kc2 c5 46.
bxc5+ bxc5 47. dxc5+ Kxc5 48. Rd2 Rf4 49. h3 Kc4 50. Rd1 a5 51. Rd2 a4 52. Rd1
Rf2+ 53. Kc1 Ra2 54. Kb1 Rh2 55. Rd4+ Kb3 56. Rb4+ Kxc3 57. Rxa4 d4 58. Ra7
Rxh3 59. a4 d3 60. Rc7+ Kb4 61. Kc1 Kxa4 62. Rb7 Ka5 63. Kd2 Ka6 64. Rd7 Kb6
65. Rxd3 Rh4 66. Rg3 Kc5 67. Ke3 Kd5 68. Kf3 Ke5 69. Ke3 Rh2 70. Rf3 h6 71.
Rf5+ Ke6 72. Rf8 Rc2 73. Rh8 Rc3+ 74. Kf2 Rh3 75. Kg2 Rh4 76. Kg3 Kf6 77. Rf8+
Kg6 78. Ra8 Rh1 79. Ra6+ Kg7 80. Kg2 Re1 81. Ra7+ Kf6 82. Rh7 Kg6 83. Rh8 Re6
84. Rg8+ Kf6 85. Kf3 Ke5 86. Ra8 Rd6 87. Re8+ Kd4 88. Re4+ Kd5 89. Re8 Rf6+ 90.
Kg3 Re6 91. Rd8+ Ke4 92. Rh8 Ke3 93. Rh7 Ke2 94. Rf7 Ke1 95. Rf8 Rd6 96. Kg2
Re6 97. Rf1+ Ke2 98. Rf8 Kd3 99. Rd8+ Ke4 100. Rf8 Rd6 101. Re8+ Kf4 102. Ra8
Kxg4 103. Ra4+ Kh5 104. Ra5 Kh4 105. Ra1 g4 106. Ra4 Rd2+ 107. Kg1 h5 108. Rb4
Kh3 109. Rb3+ g3 110. Rb1 h4 111. Ra1 Re2 112. Kf1 Rf2+ 113. Kg1 Rf4 114. Ra8
Rc4 115. Ra1 Kg4 116. Kf1 h3 117. Ra8 Rc1+ 118. Ke2 h2 119. Rg8+ Kf4 120. Rf8+
Ke5 121. Re8+ Kf6 0-1

[Event "ECF Women's Norm Tournament"]
[Site "London"]
[Date "2022.04.10"]
[Round "7.5"]
[White "Orlovska, Madara"]
[Black "Kueh, Audrey"]
[Result "1/2-1/2"]
[WhiteElo "2063"]
[BlackElo "2107"]
[PlyCount "96"]
[EventDate "2022.04.07"]
[EventType "tourn"]
[EventRounds "9"]
[EventCountry "ENG"]
[SourceTitle "The Week in Chess 1431"]
[Source "Mark Crowther"]
[SourceDate "2022.04.11"]
[SourceVersion "1"]
[SourceVersionDate "2022.04.11"]
[SourceQuality "2"]

1. d4 d5 2. Bf4 Nf6 3. e3 Bf5 4. Bd3 Bxd3 5. Qxd3 Nbd7 6. Nf3 e6 7. Nbd2 c5 8.
c3 Qb6 9. O-O Bd6 10. Ne5 Qc7 11. Nxd7 Nxd7 12. Bxd6 Qxd6 13. dxc5 Nxc5 14. Qd4
O-O 15. e4 Rfd8 16. e5 Qb6 17. Rab1 Nd7 18. f4 Qxd4+ 19. cxd4 Rac8 20. Rbc1 Nb6
21. b3 Rxc1 22. Rxc1 Rc8 23. Rxc8+ Nxc8 24. Kf2 h5 25. g3 Ne7 26. h3 Nc6 27.
Ke3 Nb4 28. a4 g6 29. g4 hxg4 30. hxg4 Kf8 31. Nf3 Ke7 32. Kd2 Kd7 33. Kc3 Na2+
34. Kd2 Nb4 35. Nh4 Ke7 36. f5 gxf5 37. gxf5 Kf8 38. f6 Kg8 39. Kc3 Na2+ 40.
Kb2 Nb4 41. Nf3 Kh7 42. Ne1 Kg6 43. Kc3 Na2+ 44. Kd2 Nb4 45. Ke3 Kf5 46. Ng2
Nc2+ 47. Kd3 Nb4+ 48. Ke3 Nc2+ 1/2-1/2

[Event "ECF Women's Norm Tournament"]
[Site "London"]
[Date "2022.04.10"]
[Round "8.2"]
[White "Smith, Olivia"]
[Black "Orlovska, Madara"]
[Result "1/2-1/2"]
[WhiteElo "1997"]
[BlackElo "2063"]
[PlyCount "123"]
[EventDate "2022.04.07"]
[EventType "tourn"]
[EventRounds "9"]
[EventCountry "ENG"]
[SourceTitle "The Week in Chess 1431"]
[Source "Mark Crowther"]
[SourceDate "2022.04.11"]
[SourceVersion "1"]
[SourceVersionDate "2022.04.11"]
[SourceQuality "2"]

1. e4 c5 2. Nf3 Nc6 3. Bb5 g6 4. O-O Bg7 5. Re1 e5 6. Bxc6 dxc6 7. d3 Qe7 8.
Be3 Nf6 9. h3 O-O 10. Qd2 Rd8 11. Bh6 c4 12. Bxg7 Kxg7 13. Qc3 cxd3 14. cxd3
Re8 15. Nbd2 c5 16. Nc4 Nd7 17. Ne3 b6 18. Nd5 Qd6 19. Nd2 b5 20. Qa5 Nb6 21.
Qxb5 Bd7 22. Qb3 Rab8 23. Nxb6 axb6 24. Nc4 Qc7 25. Qc3 f6 26. a4 Ra8 27. a5
bxa5 28. Nxa5 Be6 29. b4 Rec8 30. Rec1 Ra7 31. bxc5 Rca8 32. Nb3 Ra3 33. Rxa3
Rxa3 34. Rb1 Rxb3 35. Rxb3 Bxb3 36. Qxb3 Qxc5 37. g3 h5 38. h4 Qd6 39. Kg2 g5
40. hxg5 fxg5 41. Qb7+ Kg6 42. Qc8 Qf6 43. f3 Kh6 44. g4 h4 45. Qf5 Qd6 46. Qf7
Qg6 47. Qf8+ Kh7 48. Qe7+ Qg7 49. Qe6 Kh8 50. Qe8+ Kh7 51. Qe6 Kh8 52. Kh3 Kh7
53. Qf5+ Kg8 54. Kg2 Kh8 55. Qe6 Kh7 56. Qf5+ Kg8 57. Qc8+ Kf7 58. Qd7+ Kf8 59.
Qd8+ Kf7 60. Qd7+ Kf6 61. Qd6+ Kf7 62. Qd7+ 1/2-1/2